<?xml version="1.0" encoding="UTF-8"?>
<marc:record xmlns:marc="http://www.loc.gov/MARC21/slim">
   <marc:leader>00000nam a2200000 a 4500</marc:leader>
   <marc:datafield ind1="1" ind2=" " tag="100">
      <marc:subfield code="a">Brambilla, Stefano</marc:subfield>
      <marc:subfield code="4">ctb</marc:subfield>
      <marc:subfield code="e">Mitwirkende/-r</marc:subfield>
   </marc:datafield>
   <marc:datafield ind1="1" ind2=" " tag="100">
      <marc:subfield code="a">Accomazzo, Laura</marc:subfield>
      <marc:subfield code="4">edt</marc:subfield>
      <marc:subfield code="e">Bearbeiter/-in</marc:subfield>
   </marc:datafield>
   <marc:datafield ind1=" " ind2=" " tag="653">
      <marc:subfield code="a">Natur</marc:subfield>
   </marc:datafield>
   <marc:datafield ind1=" " ind2=" " tag="653">
      <marc:subfield code="a">Softcover / Reisen/Bildbände/Asien</marc:subfield>
   </marc:datafield>
   <marc:datafield ind1=" " ind2=" " tag="653">
      <marc:subfield code="a">Bildband</marc:subfield>
   </marc:datafield>
   <marc:datafield ind1="0" ind2="0" tag="245">
      <marc:subfield code="a">Die faszinierende Naturwelt Asiens</marc:subfield>
   </marc:datafield>
   <marc:datafield ind1="0" ind2="0" tag="245">
      <marc:subfield code="c">Text Stefano Brambilla. Red. Laura Accomazzo ; Valentina Giammarinaro. Übers.: Eva Baumgart-Catania</marc:subfield>
   </marc:datafield>
   <marc:datafield ind1=" " ind2="1" tag="264">
      <marc:subfield code="a">Wiesbaden</marc:subfield>
      <marc:subfield code="b">White-Star-Verl.</marc:subfield>
      <marc:subfield code="c">2009</marc:subfield>
   </marc:datafield>
   <marc:datafield ind1="1" ind2=" " tag="490">
      <marc:subfield code="a">Länder, Reisen, Abenteuer</marc:subfield>
   </marc:datafield>
   <marc:datafield ind1="1" ind2=" " tag="520">
      <marc:subfield code="a">Angaben aus der Verlagsmeldung

Faszinierende Naturwelt Asiens / von Stefano Brambilla

Asien ist mit rund 44,4 Millionen Quadratkilometern Fläche der größte Kontinent der Erde.Betrachtet man Asiens Naturwelten, ist man überwältigt vom landschaftlichen Reichtum und von der Einzigartigkeit der Ökosysteme. Stefano Brambilla hat für diesen Bildband eine Auswahl von beeindruckenden Naturwundern zusammengestellt. Darunter befinden sich weltberühmte Naturschönheiten, wie der Archipel der Malediven, die Wüste Sinai oder der Mount Everest, aber auch weniger erschlossene Gegenden, wie die Seen Band-e-Amir in Afghanistan, die Philippinen-Insel Palawan oder die Halbinsel Kamtschatka im sibirischen Pazifik. Auf seiner Reise durch Naturreservate und menschenleere Landstriche beschreibt der Autor sowohl die klimatischen und geografischen Besonderheiten als auch die Tier- und Pflanzenwelt Asiens. Zu Beginn eines jeden Kapitels verzeichnen Karten die geografische Lage des jeweiligen Gebiets.
</marc:subfield>
   </marc:datafield>
   <marc:datafield ind1=" " ind2=" " tag="020">
      <marc:subfield code="a">9783867261074</marc:subfield>
      <marc:subfield code="9">9783867261074</marc:subfield>
   </marc:datafield>
   <marc:datafield ind1=" " ind2=" " tag="041">
      <marc:subfield code="a">ger</marc:subfield>
   </marc:datafield>
   <marc:datafield ind1=" " ind2=" " tag="300">
      <marc:subfield code="a">271 S.</marc:subfield>
   </marc:datafield>
</marc:record>
